LIBRARY & INFORMATION CENTRE, KCAET, TAVANUR

ONLINE PUBLIC ACCESS CATALOGUE (OPAC)

Normal view MARC view
  • Er. P. Suseela (Guide)

Entry Personal Name

Number of records used in: 1

001 - CONTROL NUMBER

  • control field: 2786

003 - CONTROL NUMBER IDENTIFIER

  • control field: OSt

005 - DATE AND TIME OF LATEST TRANSACTION

  • control field: 20180214154021.0

008 - FIXED-LENGTH DATA ELEMENTS

  • fixed length control field: 180214|| aca||aabn | a|a d

040 ## - CATALOGING SOURCE

  • Original cataloging agency: OSt
  • Transcribing agency: OSt

100 ## - HEADING--PERSONAL NAME

  • Personal name: Er. P. Suseela (Guide)

670 ## - SOURCE DATA FOUND

  • Source citation: Work cat.: (OSt): PRIYA G. NAIR 2785, Optimal number and discharge rate of emitters for coconut palm in sandy loam soil
free website counter